000 00550nam a2200217Ia 4500
003 OSt
005 20220924133708.0
006 a|||||r|||| 00| 0
007 ta
008 220923b |||||||| |||| 00| 0 snd d
024 _a268031
037 _cTextual
040 _aARTS
_cARTS
_bsnd
041 _2snd
_asnd
082 _aV2y7M63, 1593L4
100 _aHarisinghani K. R.
_9207106
245 0 _aJagat Guru Bharat
260 _c1974
942 _hV2y7M63, 1593L4
_cTEXL
_2CC
999 _c434791
_d434791